|
|
|
|
| LEADER |
00000nam2a2200000 4500 |
| 001 |
167460 |
| 005 |
20231031162815.0 |
| 035 |
|
|
|a (RuTPU)RU\TPU\book\181675
|
| 035 |
|
|
|a RU\TPU\book\181673
|
| 090 |
|
|
|a 167460
|
| 100 |
|
|
|a 20091015d1991 k y0rusy50 ca
|
| 101 |
0 |
|
|a rus
|
| 102 |
|
|
|a RU
|
| 105 |
|
|
|a a z 001zy
|
| 200 |
0 |
|
|a Т. 53: Подземные работы
|
| 210 |
|
|
|d 1991
|
| 215 |
|
|
|a 84 с.
|c ил.
|
| 461 |
|
1 |
|0 (RuTPU)RU\TPU\book\176998
|x 0202-7410
|t Разработка месторождений твердых полезных ископаемых
|f Академия наук СССР (АН СССР), Всесоюзный институт научной и технической информации (ВИНИТИ)
|v Т. 53: Подземные работы
|d 1963-1992
|s Разработка месторождений твердых полезных ископаемых
|
| 610 |
1 |
|
|a разработка
|
| 610 |
1 |
|
|a месторождения
|
| 610 |
1 |
|
|a твердые полезные ископаемые
|
| 610 |
1 |
|
|a подземные работы
|
| 675 |
|
|
|a 622.272
|v 3
|
| 801 |
|
1 |
|a RU
|b 63413507
|c 20090521
|g PSBO
|
| 801 |
|
2 |
|a RU
|b 63413507
|c 20131118
|g PSBO
|
| 942 |
|
|
|c BK
|